Los Simpson : segunda temporada completa = The Simpsons : Season 2 /

Serie televisual animada, ideada por el caricaturista norteamericano Matt Groening y desarrollada después por éste con la colaboración de James L. Brooks y Sam Simon, que presenta un retrato mordaz y afectuoso a la vez de la familia y específicamente, de la familia norteamericana de clase media. La...

Descripció completa

Guardat en:
Dades bibliogràfiques
Autor principal: Groening, Matt (idea original)
Altres autors: Brooks, James L. (producción ejecutiva) (producción ejecutiva), Groening, Matt (producción ejecutiva) (producción ejecutiva), Simon, Sam (producción ejecutiva) (producción ejecutiva), Moore, Rich (realización) (realización), Vitti, Jon (guión) (guión), Roberts, Brian K. (montaje) (montaje), Barrozo, Don (montaje) (montaje), Elfman, Danny (música) (música), Clausen, Alf (música) (música), Castellaneta, Dan (voz) (voz), Kavner, Julie (voz) (voz), Cartwright, Nancy (voz) (voz), Kirkland, Mark (realización) (realización), Swartzwelder, John (guión) (guión), Archer, Wesley (realización) (realización), Martin, Jeff (guión) (guión), Silverman, David (realización) (realización), Meyer, George (guión) (guión), McJimsey, Mark (montaje) (montaje)
Format: Diapositiva
Idioma:anglès
Publicat: EUA : Twentieth Century Fox, 1991, c1991
México : Twentieth Century Fox [distribución], 2003, c2003
Col·lecció:(Los Simpson. Temporada 2 ; 219, 220, 221, 222)
(The Simpsons. Season 2 ; 219, 220, 221, 222)
Matèries:
Etiquetes: Afegir etiqueta
Sense etiquetes, Sigues el primer a etiquetar aquest registre!

MARC

LEADER 00000ngm^a2200000^a^4500
001 000183636
005 20251020000000.0
009 20260310102048.071
037 |a Acervo ITESO - Biblioteca 
041 |a ING 
082 |a 302. 2342230973  |b GRO S. 2 V. 219-222 
100 |a Groening, Matt  |e (idea original) 
240 1 5 |a [Los Simpson] 
240 1 5 |a [The Simpsons] 
240 1 5 |a [Los Simpson: segunda temporada completa] 
240 1 5 |a [The Simpsons: Season 2] 
245 1 4 |a Los Simpson :  |b segunda temporada completa = The Simpsons : Season 2 /  |c Idea original de M. Groening ; prod. ejecutiva de J.L. Brooks, M. Groening, S. Simon ; realización de R. Moore... [et al.]. 
246 2 |a Título en la pantalla: Los Simpson: el substituto de Lisa 
246 2 |a Título en la pantalla: Los Simpson: la guerra de los Simpsons 
246 2 |a Título en la pantalla: Los Simpson: tres hombres y una historieta 
246 2 |a Título en la pantalla: Los Simpson: sangre nueva 
264 4 |a EUA :  |b Twentieth Century Fox,  |c 1991, c1991 
264 4 |a México :  |b Twentieth Century Fox [distribución],  |c 2003, c2003 
300 |a 1 DVD región 4  |c (23, 23, 23, 23 min.) +  |e 1 folleto ([12] p.) + 1 lámina 
336 |a imagen móvil bidimensional  |b tdi  |2 rdacontenido 
337 |a video  |b v  |2 rdamedio 
338 |a videodisco  |b vd  |2 rdasoporte 
440 5 |a (Los Simpson.  |p Temporada 2 ;  |v 219, 220, 221, 222) 
440 5 |a (The Simpsons.  |p Season 2 ;  |v 219, 220, 221, 222) 
520 |a Serie televisual animada, ideada por el caricaturista norteamericano Matt Groening y desarrollada después por éste con la colaboración de James L. Brooks y Sam Simon, que presenta un retrato mordaz y afectuoso a la vez de la familia y específicamente, de la familia norteamericana de clase media. La serie narra las desventuras y situaciones absurdas de los Simpson, una familia nuclear semidisfucional, típica y heterodoxa al mismo tiempo, que radica en la pequeña localidad de Springfield: el amoroso padre Homero, un hombre de nula capacidad intelectual que trabaja en una planta nuclear, y su pareja Marge, una especie de supermadre en ocasiones autoritaria, pero siempre responsable; el sagaz y cínico Bart, estudiante de cuarto grado que no está interesado en desarrollar su potencial y se enorgullece de ello, y Lisa, su brillante hermana de ocho años de edad que asume su vida con total seriedad; finalmente, Maggie, una bebé que seguido es olvidada y atestigua en silencio su disparatado entorno. Familiares, vecinos, amigos, íconos de la cultura popular norteamericana y la permanente presencia o referencia a los medios de comunicación, que son parodiados continuamente, toman parte en las hilarantes tramas. Un éxito de audiencia y de crítica, tanto en Estados Unidos como en otras naciones, la serie inició sus transmisiones en 1989 y ha recibido durante quince años consecutivas numerosas candidaturas y galardones en las entregas de los premios Emmy, de la Academia Norteamericana de Artes y Ciencias Televisuales. 
520 |a La presente colección de 4 DVD reúne las 22 emisiones de la segunda temporada, cada una de 23 minutos de duración, correspondiente al bienio 1990-1991 y que abarcan los capítulos comprendidos del número 201 al 222. El cuarto tomo de la colección contiene los episodios 219-222: El suplente de Lisa (también conocido como El substituto de Lisa; transmitido el 25 de abril de 1991), La guerra de los Simpson (2 de mayo de 1991), Tres hombres y un cómic (también conocido como Tres hombres y una historieta, 9 de mayo de 1991) y Disputa sangrienta (también conocido como Sangre nueva, 11 de agosto de 1991). 
546 |a En inglés, con subtítulos opcionales: español, inglés, portugués 
546 |a Doblaje opcional: español, portugués 
649 |a XX 
650 |a Dibujos Animados 
650 |a Parodias 
650 |a Sátira 
650 |a Programas Cómicos 
650 |a Televisión -  |z EUA -  |y 1990-1999 
650 |a Televisión -  |z EUA -  |y Siglo XX 
650 |a Medios Audiovisuales -  |z EUA 
650 |a Medios de Comunicación -  |z EUA 
650 |a Comunicación Visual -  |z EUA 
650 |a Comunicación Masiva -  |z EUA 
650 |a Relaciones Familiares -  |z EUA 
650 |a Familia Nuclear -  |z EUA -  |x Condiciones Sociales y Culturales 
650 |a Familia -  |z EUA -  |x Condiciones Sociales y Culturales 
650 |a Clase Media -  |z EUA -  |x Condiciones Sociales y Culturales 
650 |a Recepción y Apropiación de la Comunicación -  |z EUA 
650 |a Cultura de Masas -  |z EUA -  |x Historia -  |y 1990-1999 
650 |a Cultura de Masas -  |z EUA -  |x Historia -  |y Siglo XX 
650 |a Cultura Popular -  |z EUA -  |x Historia -  |y 1990-1999 
650 |a Cultura Popular -  |z EUA -  |x Historia -  |y Siglo XX 
650 |a Sociedad Postindustrial -  |z EUA 
650 |a EUA -  |x Condiciones Sociales y Culturales 
650 |a Modernidad y Posmodernidad 
650 |a Sociología de la Comunicación 
650 |a Sociología de la Cultura 
740 4 |a Los Simpson :  |b el suplente de Lisa = The Simpsons : Lisa’s Substitute /  |c Idea original de M. Groening ; prod. ejecutiva de J.L. Brooks, M. Groening, S. Simon ; realización de R. Moore. 
740 4 |a Los Simpson :  |b la guerra de los Simpson = The Simpsons : The War of the Simpsons /  |c Idea original de M. Groening ; prod. ejecutiva de J.L. Brooks, M. Groening, S. Simon ; realización de M. Kirkland. 
740 4 |a Los Simpson :  |b tres hombres y un cómic = The Simpsons : Three Men and a Comic Book /  |c Idea original de M. Groening ; prod. ejecutiva de J.L. Brooks, M. Groening, S. Simon ; realización de J. Martin. 
740 4 |a Los Simpson :  |b disputa sangrienta = The Simpsons : Blood Feud /  |c Idea original de M. Groening ; prod. ejecutiva de J.L. Brooks, M. Groening, S. Simon ; realización de D. Silverman. 
700 |a Brooks, James L.  |e (producción ejecutiva) 
700 |a Groening, Matt  |e (producción ejecutiva) 
700 |a Simon, Sam  |e (producción ejecutiva) 
700 |a Moore, Rich  |e (realización) 
700 |a Vitti, Jon  |e (guión) 
700 |a Roberts, Brian K.  |e (montaje) 
700 |a Barrozo, Don  |e (montaje) 
700 |a Elfman, Danny  |e (música) 
700 |a Clausen, Alf  |e (música) 
700 |a Castellaneta, Dan  |e (voz) 
700 |a Kavner, Julie  |e (voz) 
700 |a Cartwright, Nancy  |e (voz) 
700 |a Kirkland, Mark  |e (realización) 
700 |a Swartzwelder, John  |e (guión) 
700 |a Archer, Wesley  |e (realización) 
700 |a Martin, Jeff  |e (guión) 
700 |a Silverman, David  |e (realización) 
700 |a Meyer, George  |e (guión) 
700 |a McJimsey, Mark  |e (montaje) 
910 |a Fondo General 
920 |a Audiovisuales - DVDs 
905 |a 302 
901 |a 0500088651  |b IT2  |c DVS  |u 20250521 
901 |a 0500088654  |b IT2  |c MIN  |u 20251020 
901 |a 0500198167  |b IT2  |c MIN  |u 20251020 
902 |a https://opac.biblio.iteso.mx/vufind/Record/000183636